000 00562nam a2200229Ia 4500
003 0100
008 130303s9999 xx 000 0 und d
020 _a0394719859
040 _cARRUPELIB
050 _aB3313.F72E5 1974
100 _aNietzsche, Friedrich Wilhelm
245 4 _aThe gay science
245 _bwith a prelude in rhymes and an appendix of songs
260 _aNew York
260 _bVintage Books
260 _C1974
300 _axviii
300 _b 396p. 20cm.
650 _aPHILOSOPHY
700 _aKaufmann, Walter
942 0 0 _04
999 _c14014
_d14014